A cidade submarina (Registo nº 2130)
[ vista simples ]
| 000 -Etiqueta do registo | |
|---|---|
| Cabeçalho | 00794nam a22002651 4500 |
| 005 - Identificador da versão | |
| Campo de controlo | 20240813121925.0 |
| 095 ## - | |
| -- | PTBN00070090 |
| 100 ## - Dados gerais de processamento | |
| Dados gerais de processamento | 19931210d1981 a y0pory5003 ba |
| 102 ## - Pais de publicação ou produção | |
| País de publicação | Portugal |
| 101 1# - Língua de publicação | |
| Língua do texto, banda sonora, etc. | Português |
| Língua do documento no original | Alemão |
| 215 ## - Descrição física | |
| Indicação específica da natureza do documento e extensão da espécie | 120 p. |
| Outras indicações físicas | il. |
| Dimensões | 21 cm |
| 200 1# - Titulo e menção de responsabilidade | |
| Título próprio | A cidade submarina |
| Primeira menção de responsabilidade | Rolf Ulrici |
| Outras menções de responsabilidade | trad. Ricardo Alberty |
| 225 2# - Colecção | |
| Título próprio da colecção | Titã |
| Indicação de volume | 4 |
| 210 ## - Publicação, Distribuição, etc. | |
| Lugar da edição, distribuição, etc. | Lisboa |
| Nome do editor, distribuidor, etc. | Verbo |
| Data da publicação, distribuição, etc. | imp. 1981 |
| 304 ## - Notas relativas a título e menção de responsabilidade | |
| Texto da nota | Tít. orig.: Start zur Unterwasserstadt |
| 606 ## - Nome comum usado como assunto | |
| Número de registo de entrada de autoridade | 0000479 |
| Palavra de ordem | Literatura estrangeira juvenil |
| Subdivisão de assunto | Romance de aventuras |
| 675 ## - Classificação Decimal Universal (CDU) | |
| Notação | 82-311.3 |
| Edição | 2ª |
| Língua da edição | por |
| 702 #1 - Nome de autor-pessoa física (responsabilidade secundária) | |
| Número de registo de entrada de autoridade | 0000596 |
| Palavra de ordem | Alberty |
| Outra parte do nome não tomada para palavra de ordem | Ricardo |
| Datas | 1919-1992 |
| Código de função | Tradutor |
| Número de registo de entrada de autoridade | 0000894 |
| Palavra de ordem | Reins |
| Outra parte do nome não tomada para palavra de ordem | Franz |
| Código de função | Ilustrador / Técnico de desenho computorizado |
| 700 #1 - Nome de autor-pessoa física (responsabilidade principal) | |
| Número de registo de entrada de autoridade | 0000893 |
| Palavra de ordem | Ulrici |
| Outra parte do nome não tomada para palavra de ordem | Rolf |
| 942 ## - Elementos de entrada adicionados (Koha) | |
| Tipo de item no Koha | Livro |
| Situação do levantamento | Origin of item (home branch) (coded) | Biblioteca de empréstimo | Código de barras | Cota | Circulation type (not for loan) | Tipo de documento | Nota do exemplar | Damaged status |
|---|---|---|---|---|---|---|---|---|
| Biblioteca Escolar da Coca Maravilhas | Biblioteca Escolar da Coca Maravilhas | BECM1993/93 | 8EST ULR | Livro | Sem mensagem |
